000 01296nam2a22002411 4500
001 RU\NLR\INFOCOMM18\1000120864
005 20250617132748.0
035 _a(NLR Aleph) 002630780
090 _a3698873
_c3698873
100 _a20040926d2000 |||y0rusy50 ca
101 0 _arus
102 _aRU
105 _ay |||||||||
200 0 _a2000, Вып.1(30)
210 _d2000
_aБ. м.
461 0 _1001RU\NLR\INFOCOMM18\1000120841
_12001#$aПрограммы для ЭВМ. Базы данных. Топологии интегральных микросхем$eОфиц. бюл. Рос. агентства по пат. и товар. знакам$v2000, Вып.1(30)
_93070472
_aРоссийское агентство по правовой охране программ для ЭВМ, баз данных и топологий интегральных микросхем
_cМ.
_d1994-
_nФИПС
_oОфиц. бюл. Рос. агентства по пат. и товар. знакам
_tПрограммы для ЭВМ. Базы данных. Топологии интегральных микросхем
_x1683-3090
_v2000, Вып.1(30)
801 1 _aRU
_bInfoComm
_c20040926
801 0 _aRU
_bNLR
_gPSBO
852 _aNLR
_bПт
_jП-2/172
942 _cISSUE
980 _aNB
980 _aRUSPER